00351nam a22001097a 45000050016000000200023000160350013000390370013000522450105000652600045001703000026002152012040702532.0 a0195671775c295.00 aB-106890 aDPLbENG aMuslim Shrines in India :bTheir character, history and significance /cedited by Christian W. Troll aNew DelhibOxford University Pressc2004 axxxii, 327p.c22 cms.